000 01434cam a2200385 i 4500
999 _c129635
_d129635
001 4141426
003 ARRUPE
005 20190522104701.0
008 780104m19799999enk bi 001 0 eng
010 _a 77091083
020 _a0521220440
040 _aDLC
_beng
_cDLC
_dDLC
043 _ae------
050 0 0 _aZ124
_b.E37
051 _aZ124
_b.E37 copy 3 Rosenwald Ref Coll
_cCopy 3.
082 0 0 _a686.2
100 1 _aEisenstein, Elizabeth L.
_946443
245 1 4 _aThe printing press as an agent of change :
_bcommunications and cultural transformations in early modern Europe /
_cElizabeth L. Eisenstein.
260 _aCambridge [Eng.] ;
_aNew York :
_bCambridge University Press,
_c1980.
300 _a2 v. (xxi, 794 p.) ;
_c24 cm.
500 _aIncludes index.
504 _aBibliography: p. 709-767.
650 0 _aPrinting
_xInfluence.
_946492
650 0 _aReformation.
_946493
650 0 _aRenaissance.
_92590
650 0 _aTechnology and civilization.
_946494
710 2 _aLessing J. Rosenwald Reference Collection (Library of Congress)
_5DLC
_946495
906 _a7
_bcbc
_corignew
_d1
_eopcn
_f19
_gy-gencatlg
942 _2lcc
_cMONOGRAPH
987 _bRBSCDRECON
_c20190429
_dr
_fAUTHORITY WORK NEEDED; BIB FILE MAINT.